Acto conmemorativo 30 años: 11 de septiembre de 1973-11 de septiembre de 2003

Guardado en:
Detalles Bibliográficos
Autor Corporativo: Ministerio Secretaría General de Gobierno (Autor)
Formato: Libro
Lenguaje:español
Publicado: Santiago Ministerio Secretaría General de Gobierno. Secretaría de Comunicación y Cultura 2003
Materias:
Etiquetas: Agregar Etiqueta
Sin Etiquetas, Sea el primero en etiquetar este registro!

MARC

LEADER 00000nam a2200000 a 4500
001 UCG5339
003 CL-VaPUC
008 110303e20030000CL |||||||||||||||||spa|d
082 0 4 |a 983  |b MIN  |2 21 
110 2 |a Ministerio Secretaría General de Gobierno  |e author  |9 554982 
245 1 0 |a Acto conmemorativo 30 años: 11 de septiembre de 1973-11 de septiembre de 2003 
300 |a 40 p 
942 |c BK 
945 |d 20110303 00:00:00  |a dcastane 
260 |a Santiago  |b Ministerio Secretaría General de Gobierno. Secretaría de Comunicación y Cultura  |c 2003 
600 0 7 |a MORANDE 80  |2 CL-VaPUC  |9 554983 
650 0 |a Historia de Chile  |9 265473 
650 0 |a Aniversarios  |9 554984 
650 7 |a HISTORIA Y POLITICA  |2 CL-VaPUC  |9 435611 
651 7 |a CHILE  |2 CL-VaPUC  |9 554985 
583 |a last modification  |c 20110303 00:00:00  |k Rodrigo Vera 
999 |c 343874  |d 343872 
952 |0 0  |1 0  |4 0  |6 983_000000000000000_MIN_2003  |7 0  |8 X  |9 441563  |a FDOBUD  |b FDOBUD  |d 2019-11-22  |i 4745604  |o 983 MIN 2003  |p 4745604  |r 2019-11-22  |w 2019-11-22  |y BK_X  |k BUD